[Event "EYCC 2024 - O14"]
[Site "?"]
[Date "2024.08.30"]
[Round "8.1"]
[White "Finek, Vaclav"]
[Black "Dotzer, Lukas"]
[Result "1-0"]
[BlackElo "2391"]
[WhiteElo "2467"]
[LiveChessVersion "1.4.8"]

1. d4 {[%clk 1:30:58]} Nf6 {[%clk 1:30:56]} 2. c4 {[%clk 1:31:23]} e6
{[%clk 1:31:20]} 3. Nf3 {[%clk 1:31:47]} d5 {[%clk 1:31:45]} 4. g3
{[%clk 1:32:13]} Be7 {[%clk 1:32:10]} 5. Bg2 {[%clk 1:32:37]} O-O
{[%clk 1:32:32]} 6. O-O {[%clk 1:33:01]} c6 {[%clk 1:32:58]} 7. Qc2
{[%clk 1:33:26]} b6 {[%clk 1:33:23]} 8. Nbd2 {[%clk 1:33:30]} Nbd7
{[%clk 1:33:45]} 9. e4 {[%clk 1:33:15]} dxc4 {[%clk 1:34:09]} 10. Nxc4
{[%clk 1:32:08]} Bb7 {[%clk 1:34:33]} 11. h4 {[%clk 1:12:40]} c5 {[%clk 1:33:58]}
12. e5 {[%clk 1:11:49]} Nd5 {[%clk 1:34:14]} 13. dxc5 {[%clk 1:05:32]} Qc7
{[%clk 1:34:20]} 14. Bg5 {[%clk 1:02:15]} Bxc5 {[%clk 1:27:50]} 15. Rac1
{[%clk 1:00:34]} h6 {[%clk 1:10:52]} 16. Bd2 {[%clk 0:54:24]} Rac8
{[%clk 1:08:47]} 17. Qb1 {[%clk 0:48:25]} Ba6 {[%clk 0:58:05]} 18. b3
{[%clk 0:45:40]} Qb8 {[%clk 0:50:56]} 19. Qe4 {[%clk 0:42:28]} b5
{[%clk 0:43:17]} 20. Na5 {[%clk 0:35:29]} b4 {[%clk 0:39:26]} 21. Nc4
{[%clk 0:35:38]} N7b6 {[%clk 0:38:13]} 22. Qg4 {[%clk 0:32:48]} Kh7
{[%clk 0:36:53]} 23. Ne1 {[%clk 0:10:07]} Nxc4 {[%clk 0:20:50]} 24. bxc4
{[%clk 0:10:33]} Nc3 {[%clk 0:20:22]} 25. Bxc3 {[%clk 0:08:28]} bxc3
{[%clk 0:20:46]} 26. Qe4+ {[%clk 0:08:37]} Kg8 {[%clk 0:20:38]} 27. Rxc3
{[%clk 0:09:01]} Qb4 {[%clk 0:09:37]} 28. Rc2 {[%clk 0:09:23]} Bb6
{[%clk 0:04:06]} 29. Nd3 {[%clk 0:08:27]} Qa4 {[%clk 0:04:00]} 30. Rfc1
{[%clk 0:08:45]} Rfd8 {[%clk 0:03:24]} 31. Qf3 {[%clk 0:03:49]} Rd4
{[%clk 0:01:39]} 32. Nb2 {[%clk 0:02:53]} Qxa2 {[%clk 0:01:48]} 33. c5
{[%clk 0:02:39]} Rxc5 {[%clk 0:00:57]} 34. Rxc5 {[%clk 0:03:03]} Bxc5
{[%clk 0:01:17]} 35. Rxc5 {[%clk 0:03:25]} Qb1+ {[%clk 0:01:09]} 36. Kh2
{[%clk 0:03:41]} Qxb2 {[%clk 0:01:33]} 37. Rc7 {[%clk 0:03:23]} f5
{[%clk 0:00:34]} 38. exf6 {[%clk 0:03:09]} Qb8 {[%clk 0:00:33]} 39. Rxg7+
{[%clk 0:03:16]} Kf8 {[%clk 0:00:37]} 40. Qh5 {[%clk 0:03:11]} Qe8
{[%clk 0:00:38]} 41. Qc5+ {[%clk 0:03:24]} 1-0

[Event "EYCC 2024 - O14"]
[Site "?"]
[Date "2024.08.30"]
[Round "8.2"]
[White "Cieslak, Patryk"]
[Black "Delgerdalai, Bayarjavkhlan"]
[Result "1/2-1/2"]
[BlackElo "2278"]
[WhiteElo "2374"]
[LiveChessVersion "1.4.8"]

1. e4 {[%clk 1:30:56]} e6 {[%clk 1:30:47]} 2. d4 {[%clk 1:31:21]} d5
{[%clk 1:31:13]} 3. Nc3 {[%clk 1:31:47]} Nf6 {[%clk 1:31:37]} 4. e5
{[%clk 1:32:13]} Nfd7 {[%clk 1:32:03]} 5. f4 {[%clk 1:32:40]} c5 {[%clk 1:32:27]}
6. Nf3 {[%clk 1:33:06]} Nc6 {[%clk 1:32:52]} 7. Be3 {[%clk 1:33:34]} Rb8
{[%clk 1:33:18]} 8. Qd2 {[%clk 1:28:10]} Qa5 {[%clk 1:33:05]} 9. Be2
{[%clk 1:27:36]} b5 {[%clk 1:26:50]} 10. a4 {[%clk 1:24:36]} b4 {[%clk 1:15:14]}
11. Nb5 {[%clk 1:24:20]} c4 {[%clk 1:11:43]} 12. O-O {[%clk 1:24:12]} a6
{[%clk 1:04:19]} 13. Nd6+ {[%clk 1:24:37]} Bxd6 {[%clk 1:04:44]} 14. exd6
{[%clk 1:25:03]} Nf6 {[%clk 0:57:47]} 15. Ne5 {[%clk 1:08:37]} Ne4
{[%clk 0:54:17]} 16. Nxc6 {[%clk 0:54:03]} Qb6 {[%clk 0:49:35]} 17. Qxb4
{[%clk 0:51:41]} Qxb4 {[%clk 0:50:00]} 18. Nxb4 {[%clk 0:52:09]} Rxb4
{[%clk 0:50:23]} 19. Rfb1 {[%clk 0:44:29]} Bd7 {[%clk 0:38:12]} 20. Bf3 Nxd6
{[%clk 0:37:53]} 21. b3 {[%clk 0:28:30]} cxb3 {[%clk 0:29:24]} 22. Rxb3
{[%clk 0:27:49]} Rxb3 {[%clk 0:22:19]} 23. cxb3 {[%clk 0:28:18]} Ke7
{[%clk 0:21:43]} 24. Be2 {[%clk 0:26:48]} Rb8 {[%clk 0:09:52]} 25. Bxa6
{[%clk 0:25:41]} Rxb3 {[%clk 0:10:15]} 26. Bf2 {[%clk 0:23:21]} Kd8
{[%clk 0:04:08]} 27. Bf1 {[%clk 0:21:17]} Rb4 {[%clk 0:01:38]} 28. a5
{[%clk 0:21:45]} Ra4 {[%clk 0:02:03]} 29. Rxa4 {[%clk 0:21:38]} Bxa4
{[%clk 0:02:29]} 30. Bd3 {[%clk 0:18:33]} g6 {[%clk 0:02:00]} 31. Be1
{[%clk 0:17:53]} Bb5 {[%clk 0:01:41]} 32. Bb4 {[%clk 0:12:32]} Bxd3
{[%clk 0:01:28]} 33. Bxd6 {[%clk 0:13:01]} Kd7 {[%clk 0:01:44]} 34. Bc5
{[%clk 0:13:02]} Kc6 {[%clk 0:01:40]} 35. Kf2 {[%clk 0:13:27]} Ba6
{[%clk 0:01:26]} 36. Kg3 {[%clk 0:13:01]} Kd7 {[%clk 0:01:24]} 37. Bb6
{[%clk 0:13:14]} Ke7 {[%clk 0:01:37]} 38. Kg4 {[%clk 0:13:34]} f6
{[%clk 0:01:09]} 39. Kf3 {[%clk 0:13:40]} Kd7 {[%clk 0:01:14]} 40. Kf2
{[%clk 0:13:37]} Bb5 {[%clk 0:01:20]} 41. Ke3 {[%clk 0:13:46]} Ba6
{[%clk 0:01:17]} 42. Bc5 {[%clk 0:13:59]} f5 {[%clk 0:01:00]} 43. Kf3
{[%clk 0:14:21]} Ke8 {[%clk 0:01:26]} 44. Bd6 {[%clk 0:14:09]} Kd7
{[%clk 0:01:37]} 45. Be5 {[%clk 0:14:25]} Ke7 {[%clk 0:01:59]} 46. Kg3
{[%clk 0:14:35]} h5 {[%clk 0:01:56]} 47. Kf2 {[%clk 0:14:40]} Kd7
{[%clk 0:02:16]} 48. Kf3 {[%clk 0:15:07]} Ke7 {[%clk 0:02:34]} 49. Kf2
{[%clk 0:15:15]} Bb7 {[%clk 0:02:51]} 50. Ke3 {[%clk 0:15:31]} Ba6
{[%clk 0:03:08]} 51. Bc7 {[%clk 0:15:50]} Kd7 {[%clk 0:03:25]} 52. Bb6
{[%clk 0:16:13]} Bb5 {[%clk 0:03:40]} 53. Bc5 {[%clk 0:16:36]} Ba6
{[%clk 0:04:03]} 54. Kd2 {[%clk 0:16:53]} Kc6 {[%clk 0:04:21]} 55. Bb6
{[%clk 0:17:16]} Kd7 {[%clk 0:04:35]} 56. Kc3 {[%clk 0:17:37]} Kc6
{[%clk 0:05:02]} 57. Kb4 {[%clk 0:17:52]} Bf1 {[%clk 0:05:29]} 58. g3
{[%clk 0:16:51]} Ba6 {[%clk 0:05:45]} 59. Bd8 {[%clk 0:15:24]} Bc4
{[%clk 0:06:09]} 60. h4 {[%clk 0:15:43]} 1/2-1/2

[Event "EYCC 2024 - O14"]
[Site "?"]
[Date "2024.08.30"]
[Round "8.3"]
[White "Ilinca, Felix-Antonio"]
[Black "Haug, Havard"]
[Result "1/2-1/2"]
[BlackElo "2315"]
[WhiteElo "2386"]
[LiveChessVersion "1.4.8"]

1. e4 {[%clk 1:30:34]} c6 {[%clk 1:30:50]} 2. d4 {[%clk 1:30:47]} d5
{[%clk 1:31:13]} 3. e5 {[%clk 1:31:01]} c5 {[%clk 1:30:35]} 4. Nf3
{[%clk 1:31:12]} Bg4 {[%clk 1:30:56]} 5. dxc5 {[%clk 1:31:14]} Nc6
{[%clk 1:31:14]} 6. c3 {[%clk 1:31:23]} e6 {[%clk 1:31:35]} 7. Be3
{[%clk 1:31:31]} a6 {[%clk 1:31:53]} 8. Nbd2 {[%clk 1:31:45]} Nxe5
{[%clk 1:32:06]} 9. Be2 {[%clk 1:31:57]} Nxf3+ {[%clk 1:31:08]} 10. Nxf3
{[%clk 1:32:11]} Nf6 {[%clk 1:31:09]} 11. Qa4+ {[%clk 1:32:18]} Qd7
{[%clk 1:31:19]} 12. Qf4 {[%clk 1:32:34]} Bxf3 {[%clk 1:30:16]} 13. Bxf3
{[%clk 1:32:55]} Be7 {[%clk 1:27:58]} 14. O-O {[%clk 1:32:51]} O-O
{[%clk 1:24:41]} 15. b4 {[%clk 1:33:05]} Rac8 {[%clk 1:13:37]} 16. Rfd1
{[%clk 1:25:15]} Qc7 {[%clk 1:09:42]} 17. Qxc7 {[%clk 1:16:01]} Rxc7
{[%clk 1:06:19]} 18. c4 {[%clk 1:14:10]} Rd8 {[%clk 1:01:34]} 19. cxd5
{[%clk 1:07:06]} Nxd5 {[%clk 1:01:37]} 20. Bxd5 {[%clk 1:06:32]} Rxd5
{[%clk 1:01:33]} 21. Rxd5 {[%clk 1:06:36]} exd5 {[%clk 1:01:55]} 22. Bd4
{[%clk 1:03:20]} f6 {[%clk 0:57:59]} 23. Kf1 {[%clk 1:01:05]} Kf7
{[%clk 0:57:51]} 24. Ke2 {[%clk 1:00:22]} Ke6 {[%clk 0:52:30]} 25. Kd3
{[%clk 0:59:01]} Kd7 {[%clk 0:52:19]} 26. f4 {[%clk 0:47:05]} a5 {[%clk 0:45:55]}
27. a3 {[%clk 0:45:24]} Rc8 {[%clk 0:43:13]} 28. Bf2 {[%clk 0:41:27]} f5
{[%clk 0:36:41]} 29. Re1 {[%clk 0:34:05]} axb4 {[%clk 0:31:13]} 30. axb4
{[%clk 0:34:29]} Ra8 {[%clk 0:31:20]} 31. Re5 {[%clk 0:34:25]} Ra3+
{[%clk 0:30:18]} 32. Ke2 {[%clk 0:34:05]} Ra2+ {[%clk 0:28:07]} 33. Kf3
{[%clk 0:33:16]} Ra3+ {[%clk 0:22:44]} 34. Be3 {[%clk 0:33:20]} d4
{[%clk 0:21:02]} 35. Rd5+ {[%clk 0:33:44]} Ke6 {[%clk 0:21:04]} 36. Rxd4
{[%clk 0:34:07]} g5 {[%clk 0:18:59]} 37. Ke2 {[%clk 0:28:12]} g4 {[%clk 0:19:13]}
38. Rd1 {[%clk 0:23:24]} Rb3 {[%clk 0:16:28]} 39. Bd2 {[%clk 0:23:36]} h5
{[%clk 0:12:49]} 40. Ra1 {[%clk 0:20:58]} h4 {[%clk 0:11:46]} 41. Ra7
{[%clk 0:19:57]} h3 {[%clk 0:11:51]} 42. gxh3 {[%clk 0:14:47]} Rxh3
{[%clk 0:12:02]} 43. Rxb7 {[%clk 0:15:07]} Rxh2+ {[%clk 0:12:28]} 44. Kd3
{[%clk 0:14:28]} g3 {[%clk 0:12:25]} 45. Be3 {[%clk 0:07:17]} g2 {[%clk 0:11:44]}
46. Rb8 {[%clk 0:07:12]} Kf7 {[%clk 0:11:01]} 47. Ra8 {[%clk 0:06:10]} Rh1
{[%clk 0:11:03]} 48. c6 {[%clk 0:05:30]} Rc1 {[%clk 0:09:27]} 49. b5
{[%clk 0:04:01]} Bc5 {[%clk 0:07:39]} 50. Bxc5 {[%clk 0:03:32]} Rxc5
{[%clk 0:08:07]} 51. Ra1 {[%clk 0:03:55]} Rxb5 {[%clk 0:08:12]} 52. Kc4
{[%clk 0:03:50]} Rb2 {[%clk 0:08:21]} 53. Kc5 {[%clk 0:02:12]} Ke7
{[%clk 0:07:59]} 54. Re1+ {[%clk 0:02:02]} Kd8 {[%clk 0:08:16]} 55. Rd1+
{[%clk 0:02:01]} Kc8 {[%clk 0:08:40]} 56. Ra1 {[%clk 0:01:48]} Ra2
{[%clk 0:07:32]} 57. Re1 {[%clk 0:01:59]} Rc2+ {[%clk 0:06:31]} 58. Kb6
{[%clk 0:02:05]} Rb2+ {[%clk 0:06:04]} 1/2-1/2

[Event "EYCC 2024 - O14"]
[Site "?"]
[Date "2024.08.30"]
[Round "8.4"]
[White "Korchynskyi, Mykola"]
[Black "Zakin, Ilay"]
[Result "1/2-1/2"]
[BlackElo "2235"]
[WhiteElo "2312"]
[LiveChessVersion "1.4.8"]

1. d4 {[%clk 1:30:55]} Nf6 {[%clk 1:30:52]} 2. c4 g6 {[%clk 1:31:14]} 3. g3
{[%clk 1:31:47]} Bg7 {[%clk 1:31:39]} 4. Bg2 {[%clk 1:32:13]} O-O
{[%clk 1:31:55]} 5. Nc3 {[%clk 1:32:41]} d6 {[%clk 1:32:13]} 6. Nf3
{[%clk 1:33:05]} a5 {[%clk 1:32:28]} 7. O-O {[%clk 1:32:30]} Re8 {[%clk 1:32:50]}
8. h3 {[%clk 1:29:43]} Nc6 {[%clk 1:33:14]} 9. Bf4 {[%clk 1:18:18]} a4
{[%clk 1:33:36]} 10. Re1 {[%clk 1:13:12]} a3 {[%clk 1:27:03]} 11. bxa3
{[%clk 1:05:19]} Nd7 {[%clk 1:18:29]} 12. Rc1 {[%clk 1:00:13]} Rxa3
{[%clk 1:13:27]} 13. e4 {[%clk 0:57:39]} e5 {[%clk 0:52:02]} 14. Bg5
{[%clk 0:56:01]} Nf6 {[%clk 0:50:15]} 15. dxe5 {[%clk 0:54:14]} Nxe5
{[%clk 0:49:19]} 16. Nxe5 {[%clk 0:54:11]} Rxe5 {[%clk 0:49:33]} 17. f4
{[%clk 0:53:57]} Rxg5 {[%clk 0:49:46]} 18. fxg5 {[%clk 0:54:17]} Nh5
{[%clk 0:50:05]} 19. Qd2 {[%clk 0:53:04]} Be5 {[%clk 0:47:39]} 20. Rf1
{[%clk 0:32:37]} Nxg3 {[%clk 0:37:25]} 21. Rf2 {[%clk 0:25:23]} c5
{[%clk 0:32:54]} 22. Nb5 {[%clk 0:24:43]} Ra6 {[%clk 0:31:23]} 23. h4
{[%clk 0:22:02]} Be6 {[%clk 0:29:59]} 24. Bf3 {[%clk 0:17:08]} Ra4
{[%clk 0:28:56]} 25. Qd3 {[%clk 0:15:50]} h6 {[%clk 0:28:16]} 26. Bd1
{[%clk 0:14:13]} Ra6 {[%clk 0:18:19]} 27. Rg2 {[%clk 0:13:59]} Qa5
{[%clk 0:15:16]} 28. Bb3 {[%clk 0:10:48]} Nh5 {[%clk 0:15:32]} 29. Rgc2
{[%clk 0:07:13]} Qd8 {[%clk 0:13:59]} 30. Rf1 {[%clk 0:00:39]} hxg5
{[%clk 0:13:40]} 31. Rcf2 {[%clk 0:00:31]} Nf4 {[%clk 0:12:57]} 32. Qe3
{[%clk 0:00:34]} Nh3+ {[%clk 0:13:11]} 33. Kh1 {[%clk 0:00:36]} Nxf2+
{[%clk 0:12:32]} 34. Rxf2 {[%clk 0:01:02]} gxh4 {[%clk 0:11:51]} 35. Qh6
{[%clk 0:00:39]} h3 {[%clk 0:11:51]} 36. Rf3 {[%clk 0:00:36]} Rc6
{[%clk 0:08:23]} 37. Na3 {[%clk 0:00:38]} Bg7 {[%clk 0:07:19]} 38. Qe3
{[%clk 0:00:38]} Qh4 {[%clk 0:07:26]} 39. Nc2 {[%clk 0:00:56]} Bg4
{[%clk 0:07:27]} 40. Rf1 {[%clk 0:01:06]} Bh6 {[%clk 0:06:48]} 41. Qd3
{[%clk 0:01:11]} Be6 {[%clk 0:06:07]} 42. Qf3 {[%clk 0:00:46]} Qg4
{[%clk 0:06:19]} 43. Ne1 {[%clk 0:00:35]} Qxf3+ {[%clk 0:06:19]} 44. Rxf3
{[%clk 0:01:00]} g5 {[%clk 0:06:41]} 45. Nd3 {[%clk 0:01:15]} g4 {[%clk 0:06:48]}
46. Rg3 {[%clk 0:01:43]} Bg5 {[%clk 0:07:12]} 47. Rg1 {[%clk 0:01:34]} f5
{[%clk 0:06:11]} 48. Bd1 {[%clk 0:01:12]} Bh4 {[%clk 0:05:21]} 49. exf5
{[%clk 0:00:44]} Bxf5 {[%clk 0:05:41]} 50. Bxg4 {[%clk 0:01:10]} Bxd3
{[%clk 0:03:43]} 51. Be2+ {[%clk 0:01:32]} Kf8 {[%clk 0:03:56]} 52. Bxd3
{[%clk 0:01:51]} Ra6 {[%clk 0:04:12]} 53. Kh2 {[%clk 0:00:48]} Rxa2+
{[%clk 0:03:08]} 54. Kxh3 {[%clk 0:01:11]} Ra3 {[%clk 0:02:19]} 55. Rd1
{[%clk 0:01:24]} Bf6 {[%clk 0:02:32]} 56. Kg4 {[%clk 0:01:49]} Ke7
{[%clk 0:02:18]} 57. Kf5 {[%clk 0:01:53]} Be5 {[%clk 0:01:01]} 58. Be4
{[%clk 0:02:09]} Rb3 {[%clk 0:01:09]} 59. Rb1 {[%clk 0:02:17]} Rxb1
{[%clk 0:01:01]} 60. Bxb1 {[%clk 0:02:41]} Kd7 61. Bc2 {[%clk 0:02:53]} Kc6
{[%clk 0:01:18]} 62. Ba4+ {[%clk 0:03:18]} Kb6 {[%clk 0:01:44]} 63. Ke6
{[%clk 0:03:43]} Ka5 {[%clk 0:01:40]} 64. Bb5 {[%clk 0:04:06]} 1/2-1/2

[Event "EYCC 2024 - O14"]
[Site "?"]
[Date "2024.08.30"]
[Round "8.5"]
[White "Sowinski, Pawel"]
[Black "Nemitz, Alfred"]
[Result "1-0"]
[BlackElo "2201"]
[WhiteElo "2463"]
[LiveChessVersion "1.4.8"]

1. Nf3 {[%clk 1:30:58]} Nf6 {[%clk 1:29:26]} 2. g3 {[%clk 1:31:27]} d5
{[%clk 1:29:47]} 3. Bg2 {[%clk 1:31:55]} Bf5 {[%clk 1:29:27]} 4. O-O
{[%clk 1:32:14]} c6 {[%clk 1:29:29]} 5. c4 {[%clk 1:32:10]} Nbd7 {[%clk 1:29:55]}
6. d3 {[%clk 1:31:09]} e6 {[%clk 1:29:48]} 7. Qb3 {[%clk 1:31:28]} Nc5
{[%clk 1:26:25]} 8. Qc3 {[%clk 1:30:46]} Be7 {[%clk 1:25:02]} 9. Be3
{[%clk 1:20:34]} a5 {[%clk 1:17:48]} 10. Nbd2 {[%clk 1:13:52]} O-O
{[%clk 1:16:12]} 11. h3 {[%clk 0:58:53]} h6 {[%clk 1:13:14]} 12. Rac1
{[%clk 0:54:20]} Nfd7 {[%clk 1:08:14]} 13. Bd4 {[%clk 0:47:18]} f6
{[%clk 0:48:34]} 14. a3 {[%clk 0:41:52]} Rc8 {[%clk 0:41:54]} 15. Bxc5
{[%clk 0:39:38]} Nxc5 {[%clk 0:41:26]} 16. Nd4 {[%clk 0:38:32]} b5
{[%clk 0:32:10]} 17. Nxf5 {[%clk 0:32:04]} exf5 {[%clk 0:32:37]} 18. cxd5
{[%clk 0:31:38]} cxd5 {[%clk 0:32:47]} 19. Qd4 {[%clk 0:25:09]} Kh8
{[%clk 0:31:39]} 20. h4 {[%clk 0:24:26]} Ne6 {[%clk 0:23:37]} 21. Qxd5
{[%clk 0:21:53]} Qxd5 {[%clk 0:22:58]} 22. Bxd5 {[%clk 0:22:22]} Nd4
{[%clk 0:23:26]} 23. Bf3 {[%clk 0:22:28]} Rfd8 {[%clk 0:23:07]} 24. e3
{[%clk 0:19:25]} Nxf3+ {[%clk 0:22:23]} 25. Nxf3 {[%clk 0:19:52]} Rxc1
{[%clk 0:22:44]} 26. Rxc1 {[%clk 0:20:20]} Rxd3 {[%clk 0:23:07]} 27. Rc8+
{[%clk 0:20:01]} Kh7 {[%clk 0:23:07]} 28. Nd4 {[%clk 0:15:16]} b4
{[%clk 0:16:08]} 29. axb4 {[%clk 0:14:57]} Bxb4 {[%clk 0:16:30]} 30. h5
{[%clk 0:15:09]} Rd2 {[%clk 0:13:49]} 31. b3 {[%clk 0:08:26]} Rb2
{[%clk 0:14:11]} 32. Kg2 {[%clk 0:08:21]} Be1 {[%clk 0:12:07]} 33. Rc2
{[%clk 0:08:35]} Rxc2 {[%clk 0:11:29]} 34. Nxc2 {[%clk 0:09:04]} Bc3
{[%clk 0:11:39]} 35. Nd4 {[%clk 0:07:41]} g6 {[%clk 0:10:50]} 36. Kf3
{[%clk 0:08:02]} gxh5 {[%clk 0:10:18]} 37. Nxf5 {[%clk 0:08:30]} Kg6
{[%clk 0:10:46]} 38. e4 {[%clk 0:06:17]} Bb4 {[%clk 0:05:59]} 39. Ke2
{[%clk 0:06:19]} Kg5 {[%clk 0:06:25]} 40. Kf3 {[%clk 0:06:31]} Bf8
{[%clk 0:06:30]} 41. Nh4 {[%clk 0:06:41]} Bd6 {[%clk 0:06:17]} 42. Kg2
{[%clk 0:06:55]} Bc7 {[%clk 0:05:25]} 43. Kh3 {[%clk 0:06:39]} 1-0

[Event "EYCC 2024 - O14"]
[Site "?"]
[Date "2024.08.30"]
[Round "8.6"]
[White "Brzezina, Piotr"]
[Black "Torosyan, Volodya"]
[Result "1/2-1/2"]
[BlackElo "2148"]
[WhiteElo "2341"]
[LiveChessVersion "1.4.8"]

1. d4 {[%clk 1:29:45]} d5 {[%clk 1:30:53]} 2. c4 {[%clk 1:30:11]} c6
{[%clk 1:31:19]} 3. Nf3 {[%clk 1:30:27]} Nf6 {[%clk 1:31:40]} 4. e3
{[%clk 1:30:38]} e6 {[%clk 1:31:50]} 5. Nbd2 {[%clk 1:30:53]} Nbd7
{[%clk 1:31:23]} 6. Bd3 {[%clk 1:29:36]} Bd6 {[%clk 1:31:39]} 7. O-O
{[%clk 1:29:56]} O-O {[%clk 1:31:55]} 8. e4 {[%clk 1:30:16]} e5 {[%clk 1:31:53]}
9. cxd5 {[%clk 1:30:34]} cxd5 {[%clk 1:32:15]} 10. Re1 {[%clk 1:30:54]} h6
{[%clk 1:28:43]} 11. h3 {[%clk 1:21:37]} dxe4 {[%clk 1:19:45]} 12. Nxe4
{[%clk 1:21:06]} Nxe4 {[%clk 1:20:02]} 13. Bxe4 {[%clk 1:19:32]} exd4
{[%clk 1:20:01]} 14. Qxd4 {[%clk 0:53:29]} Bc5 {[%clk 1:16:25]} 15. Qc3
{[%clk 0:50:01]} Qb6 {[%clk 1:15:06]} 16. Be3 {[%clk 0:49:38]} Bxe3
{[%clk 1:13:34]} 17. Qxe3 {[%clk 0:40:36]} Qxb2 {[%clk 1:07:05]} 18. Nd4
{[%clk 0:39:38]} Qb6 {[%clk 1:04:36]} 19. Rab1 {[%clk 0:36:57]} Qf6
{[%clk 0:58:00]} 20. Bxb7 {[%clk 0:34:51]} Rb8 {[%clk 0:56:56]} 21. Bxc8
{[%clk 0:24:32]} Rxb1 {[%clk 0:54:14]} 22. Rxb1 {[%clk 0:24:14]} Rxc8
{[%clk 0:54:36]} 23. Nb3 {[%clk 0:17:49]} Qa6 {[%clk 0:52:04]} 24. Rc1
{[%clk 0:17:14]} Rxc1+ {[%clk 0:51:42]} 25. Nxc1 {[%clk 0:17:19]} Qc4
{[%clk 0:51:23]} 26. Nb3 {[%clk 0:17:06]} Nb6 {[%clk 0:51:21]} 27. Qe7
{[%clk 0:15:47]} Qa4 {[%clk 0:50:25]} 28. Qd8+ {[%clk 0:15:39]} 1/2-1/2

[Event "EYCC 2024 - O14"]
[Site "?"]
[Date "2024.08.30"]
[Round "8.7"]
[White "Balint, Peter"]
[Black "Federer, Colin"]
[Result "1/2-1/2"]
[BlackElo "2151"]
[WhiteElo "2336"]
[LiveChessVersion "1.4.8"]

1. e4 {[%clk 1:30:59]} c5 {[%clk 1:30:54]} 2. Nf3 {[%clk 1:31:24]} d6
{[%clk 1:31:19]} 3. d4 {[%clk 1:31:50]} cxd4 {[%clk 1:31:45]} 4. Nxd4
{[%clk 1:32:16]} Nf6 {[%clk 1:32:10]} 5. Nc3 {[%clk 1:32:42]} a6 {[%clk 1:32:37]}
6. Be2 {[%clk 1:32:25]} e5 {[%clk 1:33:00]} 7. Nb3 {[%clk 1:32:51]} Be7
{[%clk 1:33:23]} 8. O-O {[%clk 1:33:09]} O-O {[%clk 1:33:14]} 9. Re1
{[%clk 1:32:37]} Be6 {[%clk 1:22:25]} 10. Bf3 {[%clk 1:31:31]} Nbd7
{[%clk 1:21:50]} 11. a4 {[%clk 1:31:13]} Nb6 {[%clk 1:19:10]} 12. Nd2
{[%clk 1:06:00]} d5 {[%clk 1:04:40]} 13. exd5 {[%clk 1:06:02]} Nbxd5
{[%clk 1:04:41]} 14. Nxd5 {[%clk 1:04:53]} Bxd5 {[%clk 1:04:53]} 15. Rxe5
{[%clk 0:54:13]} Bxf3 {[%clk 1:04:46]} 16. Qxf3 {[%clk 0:54:37]} Qc7
{[%clk 1:04:48]} 17. Re1 {[%clk 0:49:43]} Bd6 {[%clk 1:03:35]} 18. Nf1
{[%clk 0:50:03]} Qxc2 {[%clk 1:00:33]} 19. Bg5 {[%clk 0:41:04]} Qg6
{[%clk 0:53:54]} 20. Bh4 {[%clk 0:39:18]} b6 {[%clk 0:43:03]} 21. Ne3
{[%clk 0:25:46]} Rfe8 {[%clk 0:32:26]} 22. Nf5 {[%clk 0:12:53]} Bc5
{[%clk 0:28:38]} 23. h3 {[%clk 0:13:01]} Rxe1+ {[%clk 0:20:23]} 24. Rxe1
{[%clk 0:12:49]} Re8 {[%clk 0:20:12]} 25. Rd1 {[%clk 0:08:00]} h6
{[%clk 0:19:01]} 26. Kh2 {[%clk 0:06:29]} Kh7 {[%clk 0:14:33]} 27. g4
{[%clk 0:02:47]} Ne4 {[%clk 0:06:27]} 28. Kg2 {[%clk 0:02:33]} Qe6
{[%clk 0:05:55]} 29. Re1 {[%clk 0:01:44]} Qc4 {[%clk 0:03:50]} 30. b3
{[%clk 0:00:47]} Qb4 {[%clk 0:03:40]} 31. Re2 {[%clk 0:00:46]} Nd2
{[%clk 0:02:43]} 32. Qd3 {[%clk 0:00:57]} Rxe2 {[%clk 0:02:34]} 33. Qxe2
{[%clk 0:01:21]} Qe4+ {[%clk 0:02:00]} 34. Qxe4 {[%clk 0:01:46]} Nxe4
{[%clk 0:02:29]} 35. Bd8 {[%clk 0:02:08]} Nd2 {[%clk 0:01:37]} 36. b4
{[%clk 0:02:27]} Bxb4 {[%clk 0:01:47]} 37. Bxb6 {[%clk 0:02:53]} Nb3
{[%clk 0:00:44]} 38. Nd4 {[%clk 0:02:06]} Bc5 {[%clk 0:00:35]} 39. Bxc5
{[%clk 0:01:24]} Nxc5 {[%clk 0:00:54]} 40. a5 {[%clk 0:01:03]} Nb7
{[%clk 0:01:14]} 41. Nb3 {[%clk 0:01:00]} h5 {[%clk 0:00:48]} 42. Kf3
{[%clk 0:00:53]} hxg4+ {[%clk 0:01:14]} 43. hxg4 {[%clk 0:01:20]} Kg6
{[%clk 0:01:36]} 44. Ke4 {[%clk 0:01:48]} Kg5 {[%clk 0:01:42]} 45. f3
{[%clk 0:02:14]} f6 {[%clk 0:01:39]} 46. Ke3 {[%clk 0:02:19]} f5 {[%clk 0:01:27]}
47. gxf5 {[%clk 0:02:42]} 1/2-1/2

[Event "EYCC 2024 - O14"]
[Site "?"]
[Date "2024.08.30"]
[Round "8.8"]
[White "Pycinski, Wladyslaw"]
[Black "Guretchii, Kirill"]
[Result "1-0"]
[BlackElo "2034"]
[WhiteElo "2237"]
[LiveChessVersion "1.4.8"]

1. e4 {[%clk 1:30:44]} c6 {[%clk 1:30:53]} 2. d4 {[%clk 1:31:00]} d5
{[%clk 1:31:15]} 3. e5 {[%clk 1:31:23]} Bf5 {[%clk 1:31:39]} 4. c4
{[%clk 1:31:43]} e6 {[%clk 1:31:55]} 5. Nc3 {[%clk 1:32:00]} Bb4 {[%clk 1:24:34]}
6. cxd5 {[%clk 1:32:16]} Qxd5 {[%clk 1:19:23]} 7. Nge2 {[%clk 1:31:54]} Ne7
{[%clk 1:10:18]} 8. a3 {[%clk 1:28:24]} Bxc3+ {[%clk 1:10:23]} 9. Nxc3
{[%clk 1:28:34]} Qd8 {[%clk 1:08:19]} 10. Bc4 {[%clk 1:26:32]} Nd7
{[%clk 1:07:10]} 11. O-O {[%clk 1:05:37]} Qc7 {[%clk 1:06:45]} 12. Bg5
{[%clk 0:59:30]} Nd5 {[%clk 1:01:34]} 13. Nxd5 {[%clk 0:54:03]} cxd5
{[%clk 0:56:41]} 14. Bb5 {[%clk 0:50:07]} Qa5 {[%clk 0:50:57]} 15. Qb3
{[%clk 0:45:39]} a6 {[%clk 0:42:31]} 16. Bxd7+ {[%clk 0:44:33]} Kxd7
{[%clk 0:43:00]} 17. Qxb7+ {[%clk 0:44:12]} Qc7 {[%clk 0:43:28]} 18. Qb4
{[%clk 0:43:13]} Rhe8 {[%clk 0:43:52]} 19. Rac1 {[%clk 0:41:57]} Qb8
{[%clk 0:44:12]} 20. Qc5 {[%clk 0:41:53]} f6 {[%clk 0:41:49]} 21. exf6
{[%clk 0:41:56]} gxf6 {[%clk 0:41:36]} 22. Bxf6 {[%clk 0:42:07]} Qd6
{[%clk 0:41:59]} 23. Qa5 {[%clk 0:41:11]} Rec8 {[%clk 0:39:27]} 24. Be5
{[%clk 0:41:16]} Qf8 {[%clk 0:39:17]} 25. Rc7+ {[%clk 0:41:29]} Rxc7
{[%clk 0:39:40]} 26. Qxc7+ {[%clk 0:41:53]} Ke8 {[%clk 0:40:07]} 27. Bd6
{[%clk 0:42:14]} 1-0